000 00887nac a22002651i 4500
003 EG-ScBUE
005 20260415145649.0
008 260415t1997 njuab f b 001 0 eng d
020 _a0132381559
040 _aEG-ScBUE
_beng
_erda
_cEG-ScBUE
_dEG-ScBUE
082 0 4 _a551.46
_bKNA
_222
100 1 _aKnauss, John A.,
_eauthor.
245 1 0 _aIntroduction to physical oceanography /
_cJohn A. Knauss.
250 _aSecond edition.
264 1 _aUpper Saddle River, N.J. :
_bPrentice Hall,
_c[1997]
264 4 _cc1997
300 _ax, 309 pages, [2] pages of plates :
_billustrations, maps (some color) ;
_c24 cm
336 _2rdacontent
_atext
_btxt
337 _aunmediated
_2rdamedia
_bn
338 _avolume
_bnc
_2rdacarrier
504 _aIncludes bibliographical references and index.
650 7 _aOceanography.
_2BUEsh
655 _vReading book
942 _cBB
_2ddc
999 _c7587
_d7587